[Event "Coro Barajas Memorial U2200 1st"]
[Site "Coro"]
[Date "2016.10.15"]
[Round "5.5"]
[White "Sanchez Medina, Luciano Alejandro"]
[Black "Torrealba Rivas, Edgar Jesus"]
[Result "0-1"]
[WhiteElo "1536"]
[BlackElo "1927"]
[PlyCount "94"]
[EventDate "2016.10.13"]
[EventType "swiss"]
[EventRounds "6"]
[EventCountry "VEN"]
[SourceTitle "EXT 2022"]
[Source "ChessBase"]
[SourceDate "2021.10.06"]
[SourceVersion "1"]
[SourceVersionDate "2021.10.06"]
[SourceQuality "1"]

1. e4 d5 2. exd5 Nf6 3. Bc4 Nxd5 4. h3 c5 5. Nf3 e6 6. d3 Be7 7. Bd2 Nc6 8. Nc3 0-0 9. 0-0 b6 10. Re1 Bb7 11. Ne4 Nf6 12. Bc3 h6 13. Qe2 Rc8 14. Rad1 Nd4 15. Bxd4 cxd4 16. c3 dxc3 17. Nxc3 Bd6 18. a3 Bb8 19. Ba2 Qc7 20. Ne4 Nd5 21. Qd2 Rfd8 22. Rc1 Qf4 23. Rxc8 Rxc8 24. Qxf4 Nxf4 25. Re3 Rc1+ 26. Re1 Rc2 27. Bb1 Rxb2 28. Ned2 Bxf3 29. Nxf3 Nd5 30. Rc1 Kh7 31. d4+ g6 32. Ne5 Kg7 33. Be4 Nf4 34. Kf1 Bxe5 35. dxe5 Ra2 36. f3 Rxa3 37. Rc4 Ra5 38. Rc7 Ra2 39. g3 Nxh3 40. Bb7 Nf2 41. Bc8 Kf8 42. Rd7 Nh1 43. g4 Ng3+ 44. Kg1 h5 45. Rb7 h4 46. Rb8 Kg7 47. Rb7 h3 0-1